[Event "CYCC U14"]
[Site "Victoria CAN"]
[Date "2005.03.25"]
[Round "3"]
[White "Kaminski, Victor"]
[Black "Hambleton, Aman"]
[Result "1-0"]
[WhiteElo "2198"]
[BlackElo "1963"]
[PlyCount "133"]
[EventDate "2005.03.24"]
[EventType "swiss"]
[EventRounds "7"]
[EventCountry "CAN"]

1. d4 Nf6 2. Nf3 c5 3. d5 b5 4. Bg5 g6 5. Bxf6 exf6 6. e3 a6 7. a4 b4 8. Nbd2
d6 9. Nc4 Nd7 10. a5 Qc7 11. Be2 Bg7 12. O-O f5 13. Qd3 O-O 14. Nfd2 Bb7 15. f4
Rfe8 16. Bf3 Nf6 17. h3 Qe7 18. Nb6 Rad8 19. Ndc4 h6 20. Rad1 Nh7 21. Kh2 Qh4
22. Rde1 h5 23. g3 Qf6 24. h4 Bh6 25. Re2 Nf8 26. c3 bxc3 27. bxc3 Bg7 28. Rc1
Ne6 29. Rb2 Nc7 30. Rb3 Qe7 31. Kg2 Nb5 32. Kf2 Bf6 33. Nd2 Qc7 34. Re1 Re7 35.
c4 Na7 36. Nf1 Nc8 37. Reb1 Kg7 38. Qd2 Nxb6 39. axb6 Qc8 40. Ra3 Rde8 41. Qd3
Kh7 42. Qc2 Rd7 43. Re1 Rde7 44. Re2 Qd7 45. Nd2 Bg7 46. Qb1 Ra8 47. Nb3 Qd8
48. Na5 Qc8 49. Rb3 Bf6 50. Ra2 Kg7 51. Bd1 Re8 52. Rd3 Bd8 53. Ba4 Re7 54. Rb3
Rb8 55. Bc6 Kh7 56. Qb2 Kg8 57. Kf3 Kh7 58. Raa3 Kg8 59. Kf2 Kh7 60. Nxb7 Rexb7
61. Rxa6 Re7 62. Ra8 Re4 63. b7 Qc7 64. Rxb8 Qxb8 65. Ra3 Rxc4 66. Ra8 Rb4 67.
Qxb4 1-0

[Event "Titled Tuesday 2024.01.09 Early"]
[Site "chess.com INT"]
[Date "2024.01.09"]
[Round "3"]
[White "Grischuk, A."]
[Black "Hambleton, Aman"]
[Result "1-0"]
[WhiteElo "2732"]
[BlackElo "2420"]
[PlyCount "125"]
[EventDate "2024.01.09"]
[EventType "swiss (blitz)"]
[EventRounds "11"]
[EventCountry "NET"]
[Source "Mark Crowther"]
[SourceDate "2024.01.15"]

1. d4 Nf6 2. c4 e6 3. Bg5 Bb4+ 4. Nd2 h6 5. Bh4 g5 6. Bg3 Ne4 7. Ngf3 Nxg3 8.
hxg3 b6 9. Qc2 Bb7 10. O-O-O Bf8 11. e3 d6 12. Kb1 Nd7 13. Bd3 Bg7 14. Be4 c6
15. Bd3 Qe7 16. Nh2 O-O-O 17. f4 Kb8 18. Rhe1 h5 19. Ne4 gxf4 20. gxf4 h4 21.
Nf3 d5 22. cxd5 cxd5 23. Neg5 Rc8 24. Qe2 f6 25. Nh3 e5 26. Bf5 Rc7 27. Qf2 Bc8
28. Nxh4 Qd6 29. Nf3 e4 30. Nd2 b5 31. Nb3 Nb6 32. Bxc8 Rhxc8 33. Nc5 Na4 34.
f5 Nxc5 35. dxc5 Qxc5 36. Nf4 Rd7 37. Ne6 Qd6 38. Re2 Bf8 39. Rc2 Rxc2 40. Qxc2
Be7 41. Qb3 a6 42. a3 Kb7 43. Nf4 Qe5 44. Rxd5 Qc7 45. Rxd7 Qxd7 46. g4 Bd8 47.
Qd5+ Qxd5 48. Nxd5 Kc6 49. Nc3 Kd6 50. Nxe4+ Ke5 51. Nc5 Kd5 52. Nxa6 Ke4 53.
Kc2 Kxe3 54. Nb4 Kf4 55. Kd3 Kxg4 56. Ke4 Kg5 57. Nc6 Bc7 58. Nd4 b4 59. axb4
Bd6 60. b5 Kh6 61. b6 Bc5 62. b7 Ba7 63. Nc6 1-0

[Event "Titled Tuesday 2024.01.16 Late"]
[Site "chess.com INT"]
[Date "2024.01.16"]
[Round "7"]
[White "Harsha, B."]
[Black "Hambleton, Aman"]
[Result "0-1"]
[WhiteElo "2565"]
[BlackElo "2420"]
[PlyCount "144"]
[EventDate "2024.01.16"]
[EventType "swiss (blitz)"]
[EventRounds "11"]
[EventCountry "NET"]
[Source "Mark Crowther"]
[SourceDate "2024.01.22"]

1. e4 b6 2. d4 Bb7 3. Bd3 e6 4. Nf3 d5 5. e5 Ba6 6. Bxa6 Nxa6 7. Qd3 Nb4 8. Qe2
c5 9. c3 Nc6 10. O-O Qd7 11. Bg5 h6 12. Bh4 Nge7 13. g4 h5 14. h3 hxg4 15. hxg4
cxd4 16. cxd4 Nxd4 17. Nxd4 Rxh4 18. Nc3 Nc6 19. Nxc6 Qxc6 20. Rac1 Qc4 21.
Qxc4 dxc4 22. f3 Bc5+ 23. Kg2 Be3 24. Rce1 Bd2 25. Re4 Bxc3 26. bxc3 Rc8 27.
Rd1 Ke7 28. Rdd4 Rch8 29. Kf2 Rh2+ 30. Ke3 Rxa2 31. Rxc4 Rd8 32. Rc6 g5 33.
Rc7+ Rd7 34. Rc8 Ra3 35. Rec4 Ra5 36. Ke4 Ra1 37. f4 Re1+ 38. Kf3 Rf1+ 39. Ke3
gxf4+ 40. Rxf4 Re1+ 41. Kf3 Rxe5 42. Rfc4 Red5 43. Kf4 Rd1 44. Ke4 Kf6 45. Kf4
Rf1+ 46. Ke3 Rg1 47. Rf4+ Kg7 48. Ra4 Rg3+ 49. Kf4 Rgd3 50. Rac4 b5 51. Rb4 a6
52. Rc6 R3d6 53. Rc5 Rd5 54. Rc6 R5d6 55. Rc5 Rd3 56. Rc6 R7d6 57. Rc7 Kf6 58.
Rb1 Rd2 59. Ke3 Rg2 60. Rf1+ Ke5 61. Kf3 Rgd2 62. Kg3 R6d3+ 63. Kh4 f5 64. Re1+
Kd6 65. Ra7 Rh2+ 66. Kg5 fxg4 67. Rxa6+ Kc5 68. Re5+ Rd5 69. Raxe6 g3 70. Kf4
g2 71. Rxd5+ Kxd5 72. Rh6 Rxh6 0-1

[Event "Titled Tuesday 2024.02.13 Early"]
[Site "chess.com INT"]
[Date "2024.02.13"]
[Round "3"]
[White "Vovk, Or"]
[Black "Hambleton, Aman"]
[Result "1-0"]
[WhiteElo "2315"]
[BlackElo "2420"]
[PlyCount "125"]
[EventDate "2024.02.13"]
[EventType "swiss (blitz)"]
[EventRounds "11"]
[EventCountry "NET"]
[Source "Mark Crowther"]
[SourceDate "2024.02.19"]

1. h4 e5 2. h5 d5 3. h6 Nxh6 4. d4 Nf5 5. dxe5 Nc6 6. Nf3 Qe7 7. Nc3 d4 8. Nd5
Qd8 9. e4 dxe3 10. Nxe3 Qxd1+ 11. Nxd1 Nb4 12. Bd3 Nxd3+ 13. cxd3 b6 14. Ne3
Ne7 15. O-O Bb7 16. Ne1 Nc6 17. f4 O-O-O 18. a3 a5 19. Bd2 Nd4 20. Bc3 Bc5 21.
Bxd4 Bxd4 22. N1c2 Bxb2 23. Ra2 Bc3 24. Rd1 Ba6 25. d4 Be2 26. Rb1 Bxd4 27.
Nxd4 Bd3 28. Rd1 Rxd4 29. Rad2 Rhd8 30. Nf5 R4d7 31. Nxg7 Bb5 32. Rxd7 Rxd7 33.
Rxd7 Kxd7 34. Nh5 Ke7 35. Nf6 Bd3 36. Kf2 b5 37. Ke3 Bb1 38. Kd4 h6 39. Nd5+
Kd7 40. Nc3 Ba2 41. Nxa2 Kc6 42. Nc3 Kb6 43. Nd5+ Kc6 44. Ne3 Kb6 45. f5 c5+
46. Kd5 b4 47. axb4 cxb4 48. e6 fxe6+ 49. Kxe6 b3 50. f6 Kb5 51. Nd1 Kc4 52. f7
Kd3 53. f8=Q Kc2 54. Qf1 a4 55. Qe2+ Kc1 56. Nb2 a3 57. Nc4 b2 58. Nxa3 b1=Q
59. Nxb1 h5 60. Kd5 h4 61. Kc4 h3 62. Kc3 h2 63. Qc2# 1-0

[Event "Titled Tuesday 2024.03.05r Late"]
[Site "chess.com INT"]
[Date "2024.03.05"]
[Round "7"]
[White "Hambleton, Aman"]
[Black "Gubajdullin, A."]
[Result "1-0"]
[WhiteElo "2420"]
[BlackElo "2244"]
[PlyCount "75"]
[EventDate "2024.03.05"]
[EventType "swiss (blitz)"]
[EventRounds "11"]
[EventCountry "NET"]
[Source "Mark Crowther"]
[SourceDate "2024.03.11"]

1. d4 Nf6 2. Bf4 g6 3. e3 Bg7 4. h3 O-O 5. c3 d6 6. Nf3 Nc6 7. Bh2 Nd7 8. a4 e5
9. a5 a6 10. Be2 f5 11. b4 g5 12. Na3 g4 13. hxg4 fxg4 14. Nd2 exd4 15. cxd4
Nxd4 16. exd4 Qh4 17. O-O Bxd4 18. Ne4 g3 19. Nxg3 Ne5 20. Nc2 Ba7 21. Ne3 Rxf2
22. Rxf2 Bxe3 23. Qd5+ Kh8 24. Raf1 Bg4 25. Qe4 Ba7 26. Kh1 Bxf2 27. Rxf2 Rg8
28. Rf1 Qh6 29. Nf5 Qh5 30. Ng3 Qh6 31. Kg1 Bd7 32. Nf5 Qf6 33. Ne3 Qg7 34.
Bxe5 dxe5 35. Bf3 Bc6 36. Qh4 e4 37. Bxe4 Qe5 38. Qxh7# 1-0

[Event "Titled Tuesday 2024.03.12 Late"]
[Site "chess.com INT"]
[Date "2024.03.12"]
[Round "1"]
[White "Harriott, Tyrell"]
[Black "Hambleton, Aman"]
[Result "0-1"]
[WhiteElo "1884"]
[BlackElo "2420"]
[PlyCount "210"]
[EventDate "2024.03.12"]
[EventType "swiss (blitz)"]
[EventRounds "11"]
[EventCountry "NET"]
[Source "Mark Crowther"]
[SourceDate "2024.03.18"]

1. d4 e5 2. e3 Nc6 3. f4 exf4 4. exf4 g6 5. Nf3 Bg7 6. c3 d6 7. Bd3 Nf6 8. O-O
O-O 9. f5 Ne7 10. Nh4 c5 11. dxc5 dxc5 12. Qc2 c4 13. Bxc4 Nxf5 14. Nf3 Ng4 15.
Qb3 Nfe3 16. Bxe3 Nxe3 17. Re1 Nxc4 18. Qxc4 Qb6+ 19. Kh1 Qxb2 20. Nbd2 Qxc3
21. Qf1 Bf5 22. Rac1 Qd3 23. Qf2 Rae8 24. Red1 Qe3 25. Qg3 Be5 26. Qh4 Qf4 27.
Qf2 Bb8 28. Qc5 b6 29. Qf2 Re7 30. Qg1 Qe3 31. Qf1 Bd3 32. Qg1 Qxg1+ 33. Kxg1
Be2 34. Re1 Rfe8 35. Nd4 Bd6 36. N2b3 Ba6 37. Rxe7 Rxe7 38. Nc6 Rc7 39. Kf2 Bb7
40. Ncd4 Rxc1 41. Nxc1 Bc5 42. Ncb3 Bd5 43. Nxc5 bxc5 44. Nb5 Bxa2 45. Nc3 Bc4
46. g3 Be6 47. Ke3 Kf8 48. Ke4 Ke7 49. Ke5 f6+ 50. Ke4 Kd6 51. Kd3 Bf5+ 52. Kc4
Kc6 53. Kb3 Be6+ 54. Ka4 f5 55. Ka5 g5 56. h4 gxh4 57. gxh4 f4 58. Ne4 f3 59.
Nf2 Kd5 60. Ka4 Kd4 61. Kb5 c4 62. Kb4 Ke3 63. Nd1+ Kd2 64. Nf2 Ke1 65. Ne4 f2
66. Nxf2 Kxf2 67. Kc3 Kg3 68. Kd2 Kxh4 69. Ke3 Kg5 70. Kd4 h5 71. Ke3 h4 72.
Kf3 Kf5 73. Ke3 Ke5 74. Kd2 Kd4 75. Kc2 a5 76. Kd2 a4 77. Kc2 h3 78. Kb2 h2 79.
Kc2 Bd7 80. Kd2 h1=B 81. Kc2 Bhc6 82. Kb2 Kc5 83. Kc2 Kb4 84. Kb2 a3+ 85. Kc2
Bf5+ 86. Kc1 Kb3 87. Kd2 Bfe4 88. Ke3 c3 89. Ke2 a2 90. Ke3 a1=B 91. Kd4 Bb2
92. Ke3 Kc2 93. Ke2 Kb1 94. Ke3 c2 95. Ke2 Bd4 96. Ke1 c1=B 97. Ke2 Bf4 98. Kd1
Bd3 99. Ke1 Bfe3 100. Kd1 Ka2 101. Ke1 Kb3 102. Kd1 Kc3 103. Ke1 Be5 104. Kd1
Bd7 105. Ke1 Bg3+ 0-1

[Event "Titled Tuesday 2024.03.19 Early"]
[Site "chess.com INT"]
[Date "2024.03.19"]
[Round "2"]
[White "Khamdamova, Afruza"]
[Black "Hambleton, Aman"]
[Result "0-1"]
[WhiteElo "2327"]
[BlackElo "2420"]
[PlyCount "96"]
[EventDate "2024.03.19"]
[EventType "swiss (blitz)"]
[EventRounds "11"]
[EventCountry "NET"]
[Source "Mark Crowther"]
[SourceDate "2024.03.25"]

1. e4 b6 2. d4 Bb7 3. Bd3 e6 4. Nf3 d5 5. e5 Ba6 6. Bxa6 Nxa6 7. O-O Qd7 8. Bf4
Ne7 9. Qe2 Nb8 10. Nbd2 Nbc6 11. Rad1 Nf5 12. c3 Be7 13. Rfe1 Bd8 14. Nf1 Nce7
15. b3 Ng6 16. Bc1 h5 17. c4 c6 18. Ne3 Nge7 19. a4 Rc8 20. Ba3 Nxe3 21. fxe3
Nf5 22. e4 dxe4 23. Qxe4 Be7 24. Bxe7 Nxe7 25. Ng5 g6 26. Rf1 Nf5 27. d5 cxd5
28. cxd5 exd5 29. Rxd5 Qe7 30. Nh3 O-O 31. Rd3 Ng7 32. Rdf3 Rc5 33. Re1 Re8 34.
Qf4 Ne6 35. Qg3 Nd4 36. Rd3 Nf5 37. Qf4 Rxe5 38. Rf1 Re1 39. Rdf3 Rxf1+ 40.
Rxf1 Qe3+ 41. Qxe3 Rxe3 42. Rb1 Nd4 43. b4 Rb3 44. Rd1 Rxb4 45. Ra1 a5 46. Kf2
Kf8 47. Nf4 Nb3 48. Ra3 Rxf4+ 0-1

[Event "Titled Tuesday 2024.03.19 Late"]
[Site "chess.com INT"]
[Date "2024.03.19"]
[Round "4"]
[White "Zhizmer, Y."]
[Black "Hambleton, Aman"]
[Result "0-1"]
[WhiteElo "2293"]
[BlackElo "2420"]
[PlyCount "150"]
[EventDate "2024.03.19"]
[EventType "swiss (blitz)"]
[EventRounds "11"]
[EventCountry "NET"]
[Source "Mark Crowther"]
[SourceDate "2024.03.25"]

1. e4 b6 2. Nc3 Bb7 3. d4 e6 4. Nf3 Bb4 5. Bd3 Nf6 6. Qe2 d5 7. exd5 Qxd5 8. a3
Bxc3+ 9. bxc3 Nbd7 10. a4 O-O 11. h3 Rfe8 12. Bf4 Qa5 13. Bd2 e5 14. Kf1 e4 15.
Ng5 exd3 16. Qxd3 Ne4 17. Nxe4 Bxe4 18. Qg3 Qd5 19. Kg1 Bxc2 20. Kh2 c5 21. Be3
c4 22. Rhe1 Nf8 23. Bf4 Ng6 24. Bg5 h6 25. Be3 Re6 26. Rec1 Bd3 27. Ra3 Qd6 28.
Qxd6 Rxd6 29. a5 b5 30. a6 Ne7 31. Ra5 Rb6 32. d5 Rd6 33. Bc5 Rd7 34. d6 Nf5
35. Rxb5 Nxd6 36. Rb4 Rc8 37. Be3 Rc6 38. Ra1 f6 39. Rb8+ Kf7 40. Ra8 Nc8 41.
Ra2 Be4 42. Rb2 Rcc7 43. Rab8 g5 44. h4 Ne7 45. hxg5 hxg5 46. f3 Bd5 47. Rh8
Nf5 48. Bf2 Kg7 49. Rbb8 Nh6 50. Bd4 Ng8 51. Rh3 Rc6 52. Rg3 Kf7 53. Rb7 Rcd6
54. Rxa7 Rxa7 55. Bxa7 Rxa6 56. Bd4 Ne7 57. Rh3 Kg7 58. Rg3 Kg6 59. Rh3 Nf5 60.
Bc5 Ra5 61. Bb4 Ra8 62. g4 Nh4 63. f4 Ra2+ 64. Kg1 Nf3+ 65. Kf1 gxf4 66. Bc5
Ng5 67. Rh8 Bg2+ 68. Ke1 f3 69. Rg8+ Kf7 70. Rf8+ Kg7 71. Re8 Ne4 72. Bd4 f2+
73. Bxf2 Nxf2 74. g5 Nd3+ 75. Kd1 Bf3+ 0-1